Scanning microscopy for nanotechnology : techniques and applications / (Record no. 8368)
[ view plain ]
| 000 -LEADER | |
|---|---|
| fixed length control field | 00895nac a22002411u 4500 |
| 010 ## - LIBRARY OF CONGRESS CONTROL NUMBER | |
| LC control number | 2006925865 |
| 020 ## - INTERNATIONAL STANDARD BOOK NUMBER | |
| International Standard Book Number | 9780387333250 (cased) |
| 020 ## - INTERNATIONAL STANDARD BOOK NUMBER | |
| International Standard Book Number | 0387333258 (cased) |
| 035 ## - SYSTEM CONTROL NUMBER | |
| System control number | (CStRLIN)PATGB30661080-B |
| 082 ## - DEWEY DECIMAL CLASSIFICATION NUMBER | |
| Classification number | 620.5 |
| Item number | ZHO |
| 090 ## - LOCALLY ASSIGNED LC-TYPE CALL NUMBER (OCLC); LOCAL CALL NUMBER (OCLC) | |
| -- | 8368 |
| -- | 8368 |
| 100 ## - MAIN ENTRY--PERSONAL NAME | |
| Personal name | Zhou, Weili. |
| 245 00 - TITLE STATEMENT | |
| Title | Scanning microscopy for nanotechnology : techniques and applications / |
| Remainder of title | techniques and applications / |
| Statement of responsibility, etc | edited by Weilie Zhou and Zhong Lin Wang. |
| 260 ## - PUBLICATION, DISTRIBUTION, ETC. (IMPRINT) | |
| Place of publication, distribution, etc | New York : |
| Name of publisher, distributor, etc | Springer,2007. |
| Date of publication, distribution, etc | c2007. |
| 300 ## - PHYSICAL DESCRIPTION | |
| Extent | xiv, 522 p., [12] p. of plates : |
| Other physical details | ill. (some col.) ; |
| Dimensions | 24 cm. |
| 500 ## - GENERAL NOTE | |
| General note | Distributer: Al-Ahram |
| 504 ## - BIBLIOGRAPHY, ETC. NOTE | |
| Bibliography, etc | Includes bibliographical references and index. |
| 511 ## - PARTICIPANT OR PERFORMER NOTE | |
| Participant or performer note | Catalogued by: Sara |
| 650 #0 - SUBJECT ADDED ENTRY--TOPICAL TERM | |
| Topical term or geographic name as entry element | Scanning electron microscopy. |
| 650 #0 - SUBJECT ADDED ENTRY--TOPICAL TERM | |
| Topical term or geographic name as entry element | Nanotechnology. |
| 700 ## - ADDED ENTRY--PERSONAL NAME | |
| Personal name | Wang, Zhong Lin. |
| 942 ## - ADDED ENTRY ELEMENTS (KOHA) | |
| Item type | Book - Borrowing |
| Call number prefix | 620.5ZHO |
| Withdrawn status | Item status | Damaged status | Not for loan | Home library | Current library | Shelving location | Date acquired | Source of acquisition | Total Checkouts | Full call number | Barcode | Date last seen | Date last borrowed | Koha item type |
|---|---|---|---|---|---|---|---|---|---|---|---|---|---|---|
| Central Library | Central Library | First floor | 05/03/2008 | Purchase | 4 | 620.5ZHO | 000010162 | 15/07/2025 | 06/09/2017 | Book - Borrowing |